LEADER 01252nam0-22004331i-450- 001 990001491320403321 005 20010508000000.0 010 $a0-201-44124-1 035 $a000149132 035 $aFED01000149132 035 $a(Aleph)000149132FED01 035 $a000149132 100 $aMay-17,-d2001----km-y0itay50------ba 101 0 $aeng 102 $aUS 105 $a----a---001yy 200 1 $aIntroduction to automata theory, languages, and computation$fJohn E. Hopcroft, Rajeev Motwani, Jeffrey D. Ullman 205 $a2. ed. 210 $aBoston [etc.]$cAddison Wesley$dc2001 215 $axiv, 521 p.$d24 cm 610 0 $aComputer science$aManuali 610 0 $aComputabilità 610 0 $aTeoria della ricorsione 610 0 $aLinguaggi formali 676 $a511.3 700 1$aHopcroft,$bJohn E.$044212 701 1$aMotowani,$bRajeev$0352357 701 1$aUllman,$bJeffrey D.$f<1942- >$09704 801 0$aIT$bUNINA$gRICA$2UNIMARC 901 $aBK 912 $a990001491320403321 952 $aMAI-68-012$b18822$fMA1 959 $aMA1 962 $a68Q45 962 $a68Q68 962 $a18C50 962 $a03D01 996 $aIntroduction to automata theory, languages, and computation$9377848 997 $aUNINA LEADER 01484nam0 22002893i 450 001 SUN0091725 005 20121029125058.630 010 $a978-88-631-0371-7 100 $a20121029d2011 |0itac50 ba 101 $aita 102 $aIT 105 $a|||| ||||| 200 1 $aˆIl ‰preposto, il datore di lavoro ed i dirigenti nella sicurezza sul lavoro$easpetti giuridici, tecnici e psicologici secondo D.Lgs. 81/2008 s.m.i. e la più recente legislazione correlata anche regolarmente$e in appendice le particolarità per i servizi con specifiche esigenze, quali le Forze Armate, le Università, gli Istituti d'Istruzione ecc.$fAntonio Porpora 205 $a4. ed 210 $aRoma$cEPC$d2008-2011 215 $a368 p.$d22 cm. 410 1$1001SUN0052609$12001 $aSicurezza$1210 $aRoma$cEPC. 620 $dRoma$3SUNL000360 700 1$aPorpora$b, Antonio$3SUNV041473$0726254 712 $aEdizioni di protezione civile$3SUNV005611$4650 801 $aIT$bSOL$c20181109$gRICA 856 4 $uhttp://www.megaitaliamedia.com/_resources/files/pdf-libri/AL0536.pdf 912 $aSUN0091725 950 $aUFFICIO DI BIBLIOTECA DEI DIPARTIMENTI DI INGEGNERIA$d05 CONS I I 122 $e05 5844 995 $aUFFICIO DI BIBLIOTECA DEI DIPARTIMENTI DI INGEGNERIA$bIT-CE0100$h5844$kCONS I I 122$op$qa 996 $aPreposto, il datore di lavoro ed i dirigenti nella sicurezza sul lavoro$91409474 997 $aUNICAMPANIA